000 00632nam a2200229Ia 4500
003 OSt
005 20221006165140.0
006 a|||||r|||| 00| 0
007 ta
008 221006b |||||||| |||| 00| 0 hin d
024 _a5,570
037 _cTextual
040 _aFML
_cFML
_bhin
041 _2hin
_ahin
082 _aNRV511, Q2
100 _aSharma Anupama Au.
_9607620
245 0 _aAadhunik Tantra Vadyo Ki Janani Veena
260 _aNew Delhi
_bKanishk Publishers, Distributors India
_c2012
300 _a228
_ccm.
942 _hNRV511, Q2
_cTEXL
_2CC
999 _c1119791
_d1119791